000 00811cam a22002773a 4500
001 3631
003 PGUSA
005 20140828083035.0
008 030101s2003||||xxu|||||s|||||000 | eng d
040 _aPGUSA
_beng
042 _adc
050 4 _aPG
100 1 _aTolstoy, Leo, graf,
_d1828-1910
245 1 0 _aOn the Significance of Science and Art
_h[electronic resource] /
_cLeo, graf Tolstoy
260 _bProject Gutenberg,
_c2003
506 _aPublic domain in the USA.
516 _aElectronic text
653 _aLiterature
653 _aTolstoy, Leo, graf, 1828-1910 -- Philosophy
653 _aArt and science
653 _aPhilosophy
700 1 _aHapgood, Isabel Florence,
_d1850-1928
830 0 _aProject Gutenberg
_v3631
856 4 0 _uhttp://www.gutenberg.org/ebooks/3631
942 _cEB
999 _c232960
_d232960